000 00725cam a22002653a 4500
001 652
003 PGUSA
005 20140828082951.0
008 960901s1996||||xxu|||||s|||||000 1 eng d
040 _aPGUSA
_beng
042 _adc
050 4 _aPR
100 1 _aJohnson, Samuel,
_d1709-1784
245 1 0 _aRasselas, Prince of Abyssinia
_h[electronic resource] /
_cSamuel Johnson
260 _bProject Gutenberg,
_c1996
506 _aPublic domain in the USA.
516 _aElectronic text
653 _aPrinces -- Fiction
653 _aHappiness -- Fiction
653 _aSatire
653 _aEthiopia -- Fiction
830 0 _aProject Gutenberg
_v652
856 4 0 _uhttp://www.gutenberg.org/ebooks/652
942 _cEB
999 _c230003
_d230003